Report of the Committee on Roads and Transport on the Annual Budget Estimates of the Ministry of Roads and Highways For The 2020 Financial Year (Record no. 1230)

MARC details
000 -LEADER
fixed length control field 00620nam a2200157Ia 4500
008 - FIXED-LENGTH DATA ELEMENTS--GENERAL INFORMATION
fixed length control field 240428s9999||||xx |||||||||||||| ||und||
041 ## - LANGUAGE CODE
Language code of text/sound track or separate title eng
082 ## - DEWEY DECIMAL CLASSIFICATION NUMBER
Classification number BE/MORH/20
100 ## - MAIN ENTRY--PERSONAL NAME
Personal name Ministry of Finance
245 #0 - TITLE STATEMENT
Title Report of the Committee on Roads and Transport on the Annual Budget Estimates of the Ministry of Roads and Highways For The 2020 Financial Year
260 ## - PUBLICATION, DISTRIBUTION, ETC.
Name of publisher, distributor, etc. Ministry of Finance
Place of publication, distribution, etc. Accra
Date of publication, distribution, etc. 2020
300 ## - PHYSICAL DESCRIPTION
Extent 13p; tabs.
650 ## - SUBJECT ADDED ENTRY--TOPICAL TERM
Topical term or geographic name entry element Report of the Committee on Roads and Transport on the Annual Budget Estimates - Ministry of Roads and Highways For The 2020 Financial Year
942 ## - ADDED ENTRY ELEMENTS (KOHA)
Koha item type E-resources & Electronic Documnets
Holdings
Withdrawn status Lost status Damaged status Not for loan Home library Current library Shelving location Date acquired Total checkouts Full call number Date last seen Copy number Price effective from Koha item type
        Main Library Main Library Reference 14/06/2022   BE/MORH/20/942 C1 - BE/MORH/20/943 C2 - BE/MORH/20/944 C3 - BE/MORH/20/945 C4 29/04/2024 1 29/04/2024 E-resources & Electronic Documnets
©2026  Parliament of Ghana Library - All rights reserved